| 000 | 00350nam a22001457a 4500 | ||
|---|---|---|---|
| 020 | _qPB. | ||
| 040 | _cFIZZA ISHAQ | ||
| 082 |
_a624.0084 _bSID |
||
| 100 |
_aLEVY, F. SIDNEY. _985154 |
||
| 245 | _aPROJECT MANAGEMENT IN CONSTRUCTION / | ||
| 250 | _a7th ED. | ||
| 260 |
_aNEW YORK : _bMC GRAW HILL, _c2018. |
||
| 300 | _a509 P. ; | ||
| 942 |
_2ddc _cBK |
||
| 999 |
_c586883 _d586883 |
||